Conan Gray - Wishbone - Statistics

General Stats
  • This quiz has been taken 250 times
    35 since last reset
  • The average score is 15 of 17
Answer Stats
2025 Wishbone % Correct
1 Actor
100%
12 Care
96%
2 This Song
96%
8 Caramel
92%
10 Sunset Tower
92%
3 Vodka Cranberry
92%
9 Connell
88%
7 Nauseous
88%
6 Class Clown
85%
11 Eleven Eleven
85%
5 My World
85%
4 Romeo
85%
17 The Best
85%
16 Moths
81%
15 Door
77%
14 House That Always Rains
73%
13 Do I Dare
65%
No matching quizzes found
Score Distribution
Percent of People with Each Score
Percentile by Number Answered
Your Score History
You have not taken this quiz since the last reset